Lèvres d'aube suivi de l'Ange au corps : Poésie
Αποθηκεύτηκε σε:
| Κύριος συγγραφέας: | |
|---|---|
| Μορφή: | Βιβλίο |
| Γλώσσα: | Undetermined |
| Έκδοση: |
Canada
Vermillon
1994
|
| Θέματα: | |
| Ετικέτες: |
Προσθήκη ετικέτας
Δεν υπάρχουν, Καταχωρήστε ετικέτα πρώτοι!
|
| Thư viện lưu trữ: | Trung tâm Học liệu Trường Đại học Cần Thơ |
|---|
| LEADER | 00570nam a2200205Ia 4500 | ||
|---|---|---|---|
| 001 | CTU_41589 | ||
| 008 | 210402s9999 xx 000 0 und d | ||
| 082 | |a 841.54 | ||
| 082 | |b C555 | ||
| 100 | |a Christensen, Andrée | ||
| 245 | 0 | |a Lèvres d'aube suivi de l'Ange au corps : | |
| 245 | 0 | |b Poésie | |
| 245 | 0 | |c Andrée Christensen | |
| 260 | |a Canada | ||
| 260 | |b Vermillon | ||
| 260 | |c 1994 | ||
| 650 | |a Canadian poetry (French) | ||
| 650 | |y 20th century | ||
| 904 | |i Nguyễn Quang Điền | ||
| 980 | |a Trung tâm Học liệu Trường Đại học Cần Thơ | ||